00525nam a2200205 b 4500001000700000003000900007005001700016007000700033008004100040016001300081017000900094035000600103040002500109080000600134100003100140245004500171260003100216300002400247600004800271 45380DO-SdBNP20160620113851.0 45380971201s1997 sp | ||| ||spa 7 a 2BPMSU a b  a  aBPMSUbspacBPMSUe  0a 1 aIbarrola, Agustínd1930-13aEl bosque de los tótems /h cIbarrola a[Madrid] : bRENFE, c1997 a[79] p.bil.c30 cm17aIbarrola, Agustínd1930-vExposiciones2